Flags Of The 13 American Colonies - Sudden Death - Statistics

General Stats
  • This quiz has been taken 117 times
  • The average score is 5 of 13
Answers on the Grid
Answers color-coded by a green-red scale on the quiz's grid according to % correct below.
example
example
example
example
example
example
example
example
example
example
example
example
example
example
example
example
example
example
example
example
example
example
example
example
example
 
Answer Stats
Answer % Correct
Maryland example
63%
South Carolina example
50%
Delaware example
49%
Virginia example
40%
Pennsylvania example
39%
North Carolina example
38%
New Jersey example
36%
Rhode Island example
36%
Georgia example
36%
New York example
35%
New Hampshire example
32%
Massachusetts example
29%
Connecticut example
26%
No matching quizzes found
Score Distribution
Percent of People with Each Score
Percentile by Number Answered
Your Score History
You have not taken this quiz